000 00348cam a2200145ua 4500
041 _aeng
_h
082 _a823.308
_bSCO/RO
100 _aScott, Walter .
245 _aRobroy /
_cWalter Scott.
_hTextual Documents
260 _aLondon :
_bJ M Dent and Sons Ltd ,
_c1962.
300 _a458 ; .
504 _a
942 _cBK
999 _c12538
_d12538